000 00226nam a22000857a 4500
008 161128b xxu||||| |||| 00| 0 eng d
100 _91503
_aMohindroo.K.K.etal.
245 _aEmpowering Science-IX
260 _aNew Delhi
_bP.P.C.
_c2011
999 _c4230
_d4230